00968nam a2200217 i 4500001000700000003000900007005001700016008004100033080001500074100004400089245010700133260006200240300002100302502003700323594013400360650003200494710005900526852002300585999001900608952012300627189989ES-MaACL20230906223618.0200304s1971 sp |||| | spa d a336.21.0321 aBorrás Rodríguez, Alegría.93056113aLa doble imposición : bproblemas jurídico-internacionales / cpor Alegría Borrás Rodríguez. aBarcelona : b[Universidad, Facultad de Derecho], c1971. a15 p. ; c24 cm. aTesis-Univ. Barcelona (Extracto) aPrecede al tít.: Universidad de Barcelona. Secretariado de Publicaciones, Intercambio Científico y Extensión Universitaria. 4aDoble imposición.91698182 aUniversidad de Barcelona. bFacultad de Derecho.971474 aES-MaACLjP-1414-9 c189989d189989 00104070aATENEOMbATENEOMcDEPO2d2005-05-23eSCl0oP-1414-9p1201635r2023-02-23 00:00:00w2023-02-23yMONOGRAFIA